000
00494nam a2200169Ia 4500
008
110201s9999 xx 000 0 und d
082
_b
B5120
_a
S 659
100
_a
प्रभावळकर दिलीप
245
_a
झुम
260
_b
प्रभात प्रकाशन
365
_b
90
600
_a
प्रभावळकर दिलीप
630
_a
झुम
700
_a
प्रभावळकर दिलीप
730
_a
झुम
942
_c
BOOK
999
_c
831116
_d
831113